<?xml version="1.0" encoding="UTF-8"?>
<record
    xmlns:xsi="http://www.w3.org/2001/XMLSchema-instance"
    xsi:schemaLocation="http://www.loc.gov/MARC21/slim http://www.loc.gov/standards/marcxml/schema/MARC21slim.xsd"
    xmlns="http://www.loc.gov/MARC21/slim">

  <leader>05419cam a2200397 a 4500</leader>
  <controlfield tag="001">15435249</controlfield>
  <controlfield tag="003">OSt</controlfield>
  <controlfield tag="005">20230111092808.0</controlfield>
  <controlfield tag="008">080902s2009    njua     b    001 0 eng  </controlfield>
  <datafield tag="010" ind1=" " ind2=" ">
    <subfield code="a">  2008038561</subfield>
  </datafield>
  <datafield tag="015" ind1=" " ind2=" ">
    <subfield code="a">GBA8D6607</subfield>
    <subfield code="2">bnb</subfield>
  </datafield>
  <datafield tag="016" ind1="7" ind2=" ">
    <subfield code="a">014845011</subfield>
    <subfield code="2">Uk</subfield>
  </datafield>
  <datafield tag="020" ind1=" " ind2=" ">
    <subfield code="a">9780470149201 (set)</subfield>
  </datafield>
  <datafield tag="035" ind1=" " ind2=" ">
    <subfield code="a">(OCoLC)ocn244765197</subfield>
  </datafield>
  <datafield tag="040" ind1=" " ind2=" ">
    <subfield code="a">DLC</subfield>
    <subfield code="c">DLC</subfield>
    <subfield code="d">BTCTA</subfield>
    <subfield code="d">YDXCP</subfield>
    <subfield code="d">UKM</subfield>
    <subfield code="d">YDX</subfield>
    <subfield code="d">C#P</subfield>
    <subfield code="d">CDX</subfield>
    <subfield code="d">BWX</subfield>
    <subfield code="d">MBB</subfield>
    <subfield code="d">CUX</subfield>
    <subfield code="d">SZR</subfield>
    <subfield code="d">LMR</subfield>
    <subfield code="d">DLC</subfield>
  </datafield>
  <datafield tag="050" ind1="0" ind2="0">
    <subfield code="a">BF724</subfield>
    <subfield code="b">.H33 2009</subfield>
  </datafield>
  <datafield tag="082" ind1="0" ind2="0">
    <subfield code="a">155.5</subfield>
    <subfield code="2">22</subfield>
  </datafield>
  <datafield tag="245" ind1="0" ind2="0">
    <subfield code="a">Handbook of adolescent psychology /</subfield>
    <subfield code="c">edited by Richard M. Lerner, Laurence Steinberg.</subfield>
  </datafield>
  <datafield tag="250" ind1=" " ind2=" ">
    <subfield code="a">3rd ed.</subfield>
  </datafield>
  <datafield tag="260" ind1=" " ind2=" ">
    <subfield code="a">Hoboken, NJ :</subfield>
    <subfield code="b">John Wiley &amp; Sons,</subfield>
    <subfield code="c">2009</subfield>
  </datafield>
  <datafield tag="300" ind1=" " ind2=" ">
    <subfield code="a">xv, 823p.</subfield>
  </datafield>
  <datafield tag="504" ind1=" " ind2=" ">
    <subfield code="a">Includes bibliographical references and indexes.</subfield>
  </datafield>
  <datafield tag="504" ind1=" " ind2=" ">
    <subfield code="a">Includes bibliographical references and index.</subfield>
  </datafield>
  <datafield tag="505" ind1="0" ind2=" ">
    <subfield code="a">v. 1. Individual bases of adolescent development -- v. 2. Contextual influences on adolescent development.</subfield>
  </datafield>
  <datafield tag="505" ind1="0" ind2=" ">
    <subfield code="a">v. 1. Individual bases of adolescent development. pt. 1. Conceptual and methodological foundations. The scientific study of adolescent development: historical and contemporary perspectives / Richard M. Lerner and Laurence Steinberg -- Modeling longitudinal data from research on adolescence / Tod D. Little ... [et al.] -- "More than good quotations": how ethnography informs knowledge on adolescent development and context / Linda M. Burton, Raymond Garrett-Peters, and Sherry C. Eaton -- pt. 2. Domains of individual development in adolescence. Brain development / Tom&#xE1;&#x161; Paus -- Puberty: its role in development / Elizabeth J. Susman and Lorah D. Dorn -- Adolescent thinking / Deanna Kuhn -- Social cognitive development in adolescence / Judith G. Smetana and Myriam Villalobos -- Moral cognitions and prosocial responding in adolescence / Nancy Eisenberg ... [et al.] -- Identity formation and self-development in adolescence / James E. C&#xF4;t&#xE9; -- Gender development in adolescence / Nancy L. Galambos, Sheri A. Berenbaum, and Susan M. McHale -- Attachment and autonomy during adolescence / Kathleen Boykin McElhaney ... [et al.] -- Schools, academic motivation, and stage-environment fit / Jacquelynne S. Eccles and Robert W. Roeser -- Religion and spirituality in adolescent development / Pamela Ebstyne King and Robert W. Roeser -- Adolescent sexuality / Lisa M. Diamond and Ritch C. Savin-Williams -- Positive youth development / Jacqueline V. Lerner ... [et al.] -- pt. 3. Challenges to healthy development. Processes of risk and resilience during adolescence / Bruce E. Compas and Kristen L. Reeslund -- Adolescents with developmental disabilities and their families / Penny Hauser-Cram, Marty Wyngaarden Krauss, and Joanne Kersh -- Adolescent and young adult health: from basic health status to clinical interventions / Elizabeth M. Ozer and Charles E. Irwin, Jr. -- Internalizing problems during adolescence / Julia A. Graber and Lisa M. Sontag -- Conduct disorder, aggression, and delinquency / David P. Farrington -- Adolescent substance use / Laurie Chassin, Andrea Hussong, and Iris Beltran -- Author index -- Subject index.</subfield>
  </datafield>
  <datafield tag="505" ind1="0" ind2=" ">
    <subfield code="a">v. 2. Contextual influences on adolescent development. pt. 1. Interpersonal influences. Parent-child relationships during adolescence / Brett Laursen and W. Andrew Collins -- Adolescents' relationships with siblings / Patricia L. East -- Peer relationships in adolescence / B. Bradford brown and James Larson -- Romantic relationships in adolescence / Jennifer A. Connolly and Caroline McIsaac -- Mentoring in adolescence / Jean E. Rhodes and Sarah R. Lowe -- pt. 2. Institutional influences. Schooling adolescents / Richard F. Elmore -- Adolescent out-of-school activities / Joseph L. Mahoney ... [et al.] -- Adolescents and the world of work / Jeremy Staff, Emily E. Messersmith, and John E. Schulenberg -- Adolescence, adolescents, and media / Donald F. Roberts, Lisa Henriksen, and Ulla G. Foehr -- The legal regulation of adolescence / Jennifer L. Woolard and Elizabeth Scott -- The development of citizenship / Lonnie R. Sherrod and James Lauckhardt -- pt. 3. The broader context of adolescence. Neighborhood influences on adolescent development / Tama Leventhal, V&#xE9;ronique Dup&#xE9;r&#xE9;, and Jeanne Brooks-Gunn -- Poverty and socioeconomic disadvantage in adolescence / Vonnie C. McLoyd ... [et al.] -- The transition to adulthood: challenges of poverty and structural lag / Stephen F. Hamilton and Mary Agnes Hamilton -- Ethnicity and immigration / Andrew J. Fuligni, Diane L. Hughes, and Niobe Way -- Cross-cultural issues in the study of adolescent development / Alice Schlegel -- Globalization, societal change, and adolescence across the world / Reed W. Larson, Suzanne Wilson, and Aimee Rickman -- A shared commitment to youth: the integration of theory, research, practice, and policy / Aida B. Balsano, Christina Theokas, and Deborah L. Bobek -- Author index -- Subject index.</subfield>
  </datafield>
  <datafield tag="650" ind1=" " ind2="0">
    <subfield code="a">Adolescent psychology.</subfield>
  </datafield>
  <datafield tag="650" ind1="1" ind2="2">
    <subfield code="a">Adolescent Psychology</subfield>
    <subfield code="v">Handbooks.</subfield>
  </datafield>
  <datafield tag="650" ind1="2" ind2="2">
    <subfield code="a">Adolescent Psychiatry</subfield>
    <subfield code="v">Handbooks.</subfield>
  </datafield>
  <datafield tag="700" ind1="1" ind2=" ">
    <subfield code="a">Lerner, Richard M.</subfield>
  </datafield>
  <datafield tag="700" ind1="1" ind2=" ">
    <subfield code="a">Steinberg, Laurence D.,</subfield>
    <subfield code="d">1952-</subfield>
  </datafield>
  <datafield tag="856" ind1="4" ind2="1">
    <subfield code="3">Table of contents only</subfield>
    <subfield code="u">http://www.loc.gov/catdir/toc/ecip0827/2008038561.html</subfield>
  </datafield>
  <datafield tag="906" ind1=" " ind2=" ">
    <subfield code="a">7</subfield>
    <subfield code="b">cbc</subfield>
    <subfield code="c">orignew</subfield>
    <subfield code="d">1</subfield>
    <subfield code="e">ecip</subfield>
    <subfield code="f">20</subfield>
    <subfield code="g">y-gencatlg</subfield>
  </datafield>
  <datafield tag="942" ind1=" " ind2=" ">
    <subfield code="2">lcc</subfield>
    <subfield code="c">BK</subfield>
  </datafield>
  <datafield tag="999" ind1=" " ind2=" ">
    <subfield code="c">19820</subfield>
    <subfield code="d">19819</subfield>
  </datafield>
  <datafield tag="952" ind1=" " ind2=" ">
    <subfield code="0">0</subfield>
    <subfield code="1">0</subfield>
    <subfield code="2">lcc</subfield>
    <subfield code="7">0</subfield>
    <subfield code="a">KABU</subfield>
    <subfield code="b">KABU</subfield>
    <subfield code="d">2023-01-11</subfield>
    <subfield code="l">0</subfield>
    <subfield code="o">BF724 .H33 2009 v.1 c.1</subfield>
    <subfield code="p">032742</subfield>
    <subfield code="r">2024-08-02 00:00:00</subfield>
    <subfield code="w">2023-01-11</subfield>
    <subfield code="y">BK</subfield>
  </datafield>
  <datafield tag="952" ind1=" " ind2=" ">
    <subfield code="0">0</subfield>
    <subfield code="1">0</subfield>
    <subfield code="2">lcc</subfield>
    <subfield code="7">0</subfield>
    <subfield code="a">KABU</subfield>
    <subfield code="b">KABU</subfield>
    <subfield code="d">2023-01-11</subfield>
    <subfield code="l">0</subfield>
    <subfield code="o">BF724 .H33 2009 v.2 c.1</subfield>
    <subfield code="p">032743</subfield>
    <subfield code="r">2024-08-02 00:00:00</subfield>
    <subfield code="w">2023-01-11</subfield>
    <subfield code="y">BK</subfield>
  </datafield>
  <datafield tag="952" ind1=" " ind2=" ">
    <subfield code="0">0</subfield>
    <subfield code="1">0</subfield>
    <subfield code="2">lcc</subfield>
    <subfield code="7">0</subfield>
    <subfield code="a">KABU</subfield>
    <subfield code="b">KABU</subfield>
    <subfield code="d">2023-01-11</subfield>
    <subfield code="l">0</subfield>
    <subfield code="o">BF724 .H33 2009 v.2 c.2</subfield>
    <subfield code="p">032744</subfield>
    <subfield code="r">2024-08-02 00:00:00</subfield>
    <subfield code="w">2023-01-11</subfield>
    <subfield code="y">BK</subfield>
  </datafield>
  <datafield tag="952" ind1=" " ind2=" ">
    <subfield code="0">0</subfield>
    <subfield code="1">0</subfield>
    <subfield code="2">lcc</subfield>
    <subfield code="7">0</subfield>
    <subfield code="a">KABU</subfield>
    <subfield code="b">KABU</subfield>
    <subfield code="d">2023-01-11</subfield>
    <subfield code="l">0</subfield>
    <subfield code="o">BF724 .H33 2009 v.1 c.2</subfield>
    <subfield code="p">032745</subfield>
    <subfield code="r">2024-08-02 00:00:00</subfield>
    <subfield code="w">2023-01-11</subfield>
    <subfield code="y">BK</subfield>
  </datafield>
</record>
